000
00376nam a2200133Ia 4500
008
151001s9999||||xx |||||||||||||| ||und||
100
_a
श्यामसुंदर मुळे
245
_a
आर्थिक निषक आणि
250
_a
1
260
_b
अनुबंध प्रकाशन
260
_c
2007
300
_a
144
365
_b
21
999
_c
998411
_d
998408